[Event "Ct. Catalunya eq DH"]
[Site "?"]
[Date "2012.02.27"]
[Round "4.7"]
[White "Gutierrez Clares, J."]
[Black "Gonzalez Freixas, A."]
[Result "1-0"]
[WhiteElo "2313"]
[BlackElo "2251"]
[PlyCount "77"]
[EventDate "2012.??.??"]
[EventType "team"]
[EventRounds "11"]

1. d4 Nf6 2. c4 c5 3. d5 e5 4. Nc3 d6 5. e4 Nbd7 6. g3 g6 7. Bg2 Bg7 8. Nf3 a6
9. O-O O-O 10. a4 b6 11. Ne1 Ra7 12. Nd3 Ne8 13. Be3 h6 14. Qd2 Kh7 15. f4 exf4
16. gxf4 Nef6 17. Bf3 Re8 18. Bf2 Ng8 19. Kh1 h5 20. Rg1 Nh6 21. Rae1 Nf6 22.
Bh4 Qc7 23. f5 Nfg4 24. h3 Ne5 25. Bxh5 gxh5 26. Nxe5 Bxe5 27. f6 Bg4 28. hxg4
Qc8 29. Qg5 Rg8 30. Qxh5 Rxg4 31. Bg5 Rxg5 32. Rxg5 Bxf6 33. Rf5 Be5 34. Rg1
Qe8 35. Rfg5 Bxc3 36. bxc3 Qxe4+ 37. R1g2 f6 38. R5g4 Qb1+ 39. Rg1 1-0

[Event "Ct. Catalunya eq DH"]
[Site "?"]
[Date "2012.02.18"]
[Round "4.7"]
[White "Pijuan Herranz, M."]
[Black "Llaneza Vega, P."]
[Result "1/2-1/2"]
[WhiteElo "2260"]
[BlackElo "2220"]
[PlyCount "132"]
[EventDate "2012.??.??"]
[EventType "team"]
[EventRounds "11"]

1. d4 Nf6 2. Nf3 g6 3. g3 Bg7 4. Bg2 d6 5. O-O O-O 6. b3 c5 7. c4 d5 8. Bb2
dxc4 9. bxc4 cxd4 10. Nxd4 Qb6 11. Qb3 Nfd7 12. Rd1 Nc6 13. e3 Nc5 14. Qb5 Na4
15. Ba3 Qxb5 16. cxb5 Nxd4 17. exd4 Rd8 18. Bxe7 Rd7 19. Bg5 Bxd4 20. Na3 Bxa1
21. Rxa1 Rd3 22. Nc4 Be6 23. Ne3 Nc3 24. a4 Nd5 25. Bf1 Rc3 26. Nc4 Nf4 27.
Bxf4 Bxc4 28. Bg2 Be6 29. Bxb7 Rd8 30. h4 Rcd3 31. Be3 Rd1+ 32. Rxd1 Rxd1+ 33.
Kg2 Ra1 34. Bc6 Bb3 35. Bxa7 Bxa4 36. Be3 Rb1 37. Be4 Rxb5 38. Bc6 Rb4 39. Bf3
Bc2 40. Bd2 Ra4 41. Be3 Be4 42. Bxe4 Rxe4 43. Kf3 Ra4 44. Bh6 f5 45. Ke3 Kf7
46. Kf3 Ke6 47. Ke3 Kd5 48. Bg7 h5 49. Kf3 Kc4 50. Bh6 Kd3 51. Be3 Re4 52. Bh6
Kc2 53. Bg5 Kd1 54. Bh6 Ke1 55. Be3 Kf1 56. Bb6 Rb4 57. Bc5 Rc4 58. Bb6 Rc3+
59. Kf4 Kg2 60. Kg5 Rc4 61. Be3 Rc6 62. Bd4 Kf3 63. Be3 Ra6 64. Bd4 Re6 65. Ba7
Rd6 66. Be3 Ra6 1/2-1/2

[Event "Ct. Catalunya eq DH"]
[Site "?"]
[Date "2012.02.19"]
[Round "4.7"]
[White "Randazzo, A."]
[Black "Bruned Segura, M."]
[Result "1-0"]
[WhiteElo "2347"]
[BlackElo "2268"]
[PlyCount "78"]
[EventDate "2012.??.??"]
[EventType "team"]
[EventRounds "11"]

1. e4 d6 2. d4 Nf6 3. Nc3 g6 4. Be3 Bg7 5. f3 c6 6. Qd2 b5 7. Bh6 Bxh6 8. Qxh6
b4 9. Nce2 Qa5 10. Qd2 Nbd7 11. g4 Nb6 12. Nc1 Ba6 13. Bxa6 Qxa6 14. g5 Nfd7
15. f4 Nc4 16. Qe2 Nb8 17. Nd3 Nb6 18. Nf3 N8d7 19. O-O Qb7 20. Rad1 a5 21. Nf2
Qa6 22. Qe1 Qc4 23. Rd2 h5 24. b3 Qa6 25. e5 O-O-O 26. e6 Nf8 27. exf7 Qb7 28.
Qe4 Rh7 29. f5 Rxf7 30. fxg6 Rg7 31. Nh4 Re8 32. Nh3 e6 33. Nf5 Rd7 34. g7 Nh7
35. Qxe6 Rxe6 36. g8=Q+ Rd8 37. Qxe6+ Qd7 38. Nxd6+ Kb8 39. Qxd7 Nxd7 1-0

[Event "Ct. Catalunya eq DH"]
[Site "?"]
[Date "2012.02.18"]
[Round "4.7"]
[White "Rivas Garcia, V."]
[Black "Sadrija, E."]
[Result "1-0"]
[WhiteElo "2331"]
[BlackElo "2261"]
[PlyCount "65"]
[EventDate "2012.??.??"]
[EventType "team"]
[EventRounds "11"]

1. e4 c6 2. d4 d5 3. e5 Bf5 4. Nc3 Nd7 5. g4 Be6 6. f4 f5 7. Nf3 Nb6 8. Bd3 Qd7
9. Nh4 Nh6 10. g5 Nf7 11. a4 g6 12. a5 Nc8 13. Na4 b6 14. axb6 axb6 15. Nc5
Rxa1 16. Nxd7 Bxd7 17. Kf2 e6 18. c4 dxc4 19. Bxc4 b5 20. Bb3 c5 21. dxc5 Bxc5+
22. Kg3 Ne7 23. Qc2 Bb6 24. Rd1 Bc8 25. Qd3 O-O 26. Qxb5 Ba7 27. Nf3 Kg7 28.
Bd2 Rxd1 29. Bxd1 Nd5 30. Bb3 Rd8 31. Qa4 Bb6 32. Bxd5 Rxd5 33. Qc6 1-0

[Event "Ct. Catalunya eq DH"]
[Site "?"]
[Date "2012.02.18"]
[Round "4.8"]
[White "Bofill Mas, A."]
[Black "Guasch Sariol, J."]
[Result "1-0"]
[WhiteElo "2406"]
[BlackElo "2235"]
[PlyCount "91"]
[EventDate "2012.??.??"]
[EventType "team"]
[EventRounds "11"]

1. c4 f5 2. g3 Nf6 3. Bg2 g6 4. b4 Bg7 5. Bb2 d6 6. Nf3 O-O 7. O-O e5 8. d3 Qe8
9. Nc3 c6 10. Nd2 g5 11. a4 Qh5 12. e4 Ng4 13. h3 f4 14. hxg4 Bxg4 15. Bf3 Bxf3
16. Qxf3 g4 17. Qh1 Qg5 18. Qh4 Qg6 19. gxf4 exf4 20. Nd1 Nd7 21. d4 Bf6 22.
Qh2 Qg7 23. Nb3 c5 24. bxc5 dxc5 25. e5 Bg5 26. e6 Nb6 27. dxc5 Bf6 28. Bxf6
Rxf6 29. cxb6 axb6 30. Nc3 Rxe6 31. Nd5 Rf8 32. Nxf4 Rh6 33. Qg3 Qg5 34. Nd5
Rf3 35. Qb8+ Rf8 36. Qg3 Rh3 37. Qg2 Rxb3 38. Rae1 Rbf3 39. Re3 h5 40. Rxf3
Rxf3 41. Re1 Ra3 42. Re8+ Kg7 43. Re7+ Kf8 44. Qe4 Ra1+ 45. Kg2 Rxa4 46. Qh7
1-0

[Event "Ct. Catalunya eq DH"]
[Site "?"]
[Date "2012.02.18"]
[Round "4.8"]
[White "De la Riva Aguado, J."]
[Black "Serra Pages, J."]
[Result "1/2-1/2"]
[WhiteElo "2248"]
[BlackElo "2256"]
[PlyCount "31"]
[EventDate "2012.??.??"]
[EventType "team"]
[EventRounds "11"]

1. e4 e5 2. Nf3 Nc6 3. Bb5 a6 4. Ba4 Nf6 5. d3 d6 6. c3 Be7 7. O-O O-O 8. Re1
b5 9. Bb3 Na5 10. Bc2 c5 11. Nbd2 h6 12. Nf1 Nh7 13. d4 cxd4 14. cxd4 Nc6 15.
Ne3 Ng5 16. dxe5 1/2-1/2

[Event "Ct. Catalunya eq DH"]
[Site "?"]
[Date "2012.02.18"]
[Round "4.8"]
[White "Dickl, E."]
[Black "Bosque Ortega, X."]
[Result "0-1"]
[WhiteElo "2272"]
[BlackElo "2321"]
[PlyCount "106"]
[EventDate "2012.??.??"]
[EventType "team"]
[EventRounds "11"]

1. e4 c6 2. Nc3 d5 3. Qf3 dxe4 4. Nxe4 Nd7 5. d4 Ndf6 6. Nxf6+ Nxf6 7. c3 Qd5
8. Bd3 Bg4 9. Qxd5 cxd5 10. Ne2 Bxe2 11. Kxe2 e6 12. Bg5 Nd7 13. Bf4 Be7 14. a4
O-O 15. a5 a6 16. Rhe1 Rac8 17. f3 Nb8 18. Kd2 Nc6 19. Reb1 Bf6 20. Ra4 Rfd8
21. Re1 Be7 22. g4 Bd6 23. Bg3 Bc7 24. b4 Na7 25. Rb1 Bxg3 26. hxg3 Nb5 27. Rb3
Rc6 28. g5 Rdc8 29. Bxb5 axb5 30. Ra1 f6 31. gxf6 gxf6 32. f4 R8c7 33. Re1 Rg7
34. Re3 Kf7 35. Ra3 h5 36. Ra1 f5 37. Rh1 Rh7 38. Ke2 Kg6 39. Kf2 Rhc7 40. Rhe1
Kf7 41. Kg2 Kf6 42. Kh3 Rg7 43. Ra1 Rg4 44. Ra2 Kf7 45. Rf3 Ra6 46. Ra3 Ra8 47.
Rf1 h4 48. a6 Rxg3+ 49. Kh2 Rxa6 50. Rfa1 Rxc3 51. Rxc3 Rxa1 52. Rc7+ Kf6 53.
Rxb7 Rf1 0-1

[Event "Ct. Catalunya eq DH"]
[Site "?"]
[Date "2012.02.27"]
[Round "4.8"]
[White "Moreno Carretero, C."]
[Black "Fernandez Madrid, C."]
[Result "1-0"]
[WhiteElo "2251"]
[BlackElo "2290"]
[PlyCount "103"]
[EventDate "2012.??.??"]
[EventType "team"]
[EventRounds "11"]

1. e4 g6 2. d4 Bg7 3. c4 Nc6 4. Be3 e5 5. Ne2 d6 6. Nbc3 Nh6 7. d5 Ne7 8. Qd2
Ng4 9. Bg5 f5 10. f3 Nf6 11. exf5 gxf5 12. Ng3 h6 13. Bxf6 Bxf6 14. Nh5 Ng6 15.
g3 Bg5 16. f4 exf4 17. gxf4 Qe7+ 18. Kd1 Bh4 19. Rg1 Rg8 20. Rg2 Qf7 21. Qe3+
Kd8 22. Kc2 Bd7 23. Bd3 c5 24. dxc6 bxc6 25. Qd4 Kc7 26. b4 Ne7 27. Rxg8 Nxg8
28. Be2 Nf6 29. Rd1 Qe6 30. Ng3 Bxg3 31. hxg3 Ne4 32. Bf3 Nxc3 33. Kxc3 a6 34.
a4 Re8 35. Qa7+ Kd8 36. Qb6+ Ke7 37. Bh5 Rg8 38. Qf2 Kf8 39. Rd3 Qf6+ 40. Qd4
Qxd4+ 41. Kxd4 Ke7 42. c5 dxc5+ 43. Kxc5 Rb8 44. Re3+ Be6 45. Be2 Kf6 46. Bxa6
Ra8 47. Bb7 Rxa4 48. Bxc6 Ra1 49. b5 Rc1+ 50. Kd6 Bc4 51. b6 Ba6 52. Ra3 1-0

[Event "Ct. Catalunya eq DH"]
[Site "?"]
[Date "2012.02.27"]
[Round "4.9"]
[White "Gardela Batlle, J."]
[Black "Garcia Rubio, JA."]
[Result "1-0"]
[WhiteElo "2287"]
[BlackElo "2221"]
[PlyCount "129"]
[EventDate "2012.??.??"]
[EventType "team"]
[EventRounds "11"]

1. Nf3 d5 2. d4 Nf6 3. c4 c6 4. cxd5 cxd5 5. Bf4 Nc6 6. e3 e6 7. Nc3 a6 8. Bd3
Bd6 9. Bg3 Qc7 10. Rc1 Bd7 11. a3 Rc8 12. Na4 Bxg3 13. hxg3 Qa5+ 14. b4 Qd8 15.
Ne5 Rc7 16. Nc5 Bc8 17. Nxa6 bxa6 18. Nxc6 Qd6 19. Ne5 Rxc1 20. Qxc1 O-O 21.
Qc6 Rd8 22. Qxd6 Rxd6 23. Kd2 Bb7 24. Rc1 Ne8 25. Bc2 f6 26. Ba4 fxe5 27. Bxe8
exd4 28. exd4 Rd8 29. Ba4 Rc8 30. Bd7 Rxc1 31. Bxe6+ Kf8 32. Kxc1 Ke7 33. Bg4
Kd6 34. Bf5 h6 35. Bg6 Bc6 36. Kd2 Bd7 37. Ke3 Ke7 38. f3 Bc6 39. Kf4 Kf6 40.
Bd3 Bb7 41. a4 Bc8 42. a5 Bb7 43. b5 axb5 44. Bxb5 Ke6 45. Bd3 Kf6 46. a6 Bc8
47. Bb5 Ke6 48. Ke3 Kd6 49. Kf4 Ke6 50. Be2 Kf6 51. Bd3 Bd7 52. g4 Bc6 53. Bf5
g5+ 54. Ke3 Ke7 55. f4 Kd8 56. Bd3 Kc7 57. f5 Bd7 58. Kd2 Kb6 59. Kc3 Be8 60.
Kb4 Bf7 61. Bb5 h5 62. gxh5 Bxh5 63. Bd7 Kxa6 64. Be6 Bg4 65. Kc5 1-0

[Event "Ct. Catalunya eq DH"]
[Site "?"]
[Date "2012.02.19"]
[Round "4.9"]
[White "Hernandez Casillas, JJ."]
[Black "Vallverdu Miret, O."]
[Result "1/2-1/2"]
[WhiteElo "2278"]
[BlackElo "2205"]
[PlyCount "77"]
[EventDate "2012.??.??"]
[EventType "team"]
[EventRounds "11"]

1. c4 e5 2. Nc3 Nc6 3. g3 g6 4. Bg2 Bg7 5. d3 d6 6. Nf3 Nge7 7. O-O O-O 8. Ne1
Nd4 9. e3 Ne6 10. Rb1 c6 11. Nc2 Rb8 12. b4 b5 13. Bb2 a6 14. Qd2 Bb7 15. a3
Qc7 16. Rfc1 Rbc8 17. Qe2 Qd7 18. Rd1 d5 19. c5 f5 20. d4 e4 21. f4 exf3 22.
Bxf3 Rce8 23. Qg2 Ng5 24. Rf1 Rf7 25. Rbe1 Ref8 26. h4 Ne4 27. Nxe4 fxe4 28.
Be2 Rxf1+ 29. Rxf1 Rxf1+ 30. Qxf1 Qf5 31. Ne1 Qxf1+ 32. Kxf1 Nf5 33. Kf2 h5 34.
Ng2 Bc8 35. a4 Kf7 36. axb5 axb5 37. Bc3 Bh6 38. Be1 Be6 39. Bc3 1/2-1/2

[Event "Ct. Catalunya eq DH"]
[Site "?"]
[Date "2012.02.18"]
[Round "4.9"]
[White "Manera Lopez, J."]
[Black "Heredia Tarrats, A."]
[Result "1/2-1/2"]
[WhiteElo "2189"]
[BlackElo "2140"]
[PlyCount "28"]
[EventDate "2012.??.??"]
[EventType "team"]
[EventRounds "11"]

1. e4 e6 2. d4 d5 3. exd5 exd5 4. Bd3 Nc6 5. c3 Bd6 6. Ne2 Qh4 7. Ng3 Nge7 8.
Nd2 Bg4 9. Be2 Bxe2 10. Qxe2 O-O-O 11. Nf3 Qg4 12. Ng5 Qxe2+ 13. Nxe2 Rdf8 14.
Bf4 Kd7 1/2-1/2

[Event "Ct. Catalunya eq DH"]
[Site "?"]
[Date "2012.02.18"]
[Round "4.9"]
[White "Mingo Fernandez, M."]
[Black "Del Amo Carbo, J."]
[Result "1-0"]
[WhiteElo "2284"]
[BlackElo "2173"]
[PlyCount "79"]
[EventDate "2012.??.??"]
[EventType "team"]
[EventRounds "11"]

1. d4 Nf6 2. Bf4 e6 3. e3 b6 4. Nd2 Bb7 5. Ngf3 Be7 6. h3 O-O 7. Bd3 d5 8. Ne5
Ne4 9. Qh5 g6 10. Qe2 Nd7 11. Nxd7 Qxd7 12. h4 c5 13. c3 Rac8 14. f3 Nxd2 15.
Qxd2 f5 16. Qf2 cxd4 17. exd4 Rfe8 18. Qg3 Bf6 19. Be5 Bxe5 20. Qxe5 Qg7 21. f4
Qxe5+ 22. fxe5 h6 23. g4 Kf7 24. h5 Rg8 25. hxg6+ Kxg6 26. Kf2 Rcf8 27. Rh5 Bc8
28. Rah1 Kf7 29. gxf5 exf5 30. Rxh6 f4 31. Rf6+ Ke8 32. Bb5+ Bd7 33. Bxd7+ Kxd7
34. Rh7+ Kc8 35. Rxf8+ Rxf8 36. Rxa7 Kb8 37. Rd7 Rh8 38. Rg7 Rh2+ 39. Rg2 Rh1
40. Kf3 1-0

[Event "Ct. Catalunya eq DH"]
[Site "?"]
[Date "2012.02.18"]
[Round "4.9"]
[White "Rahal, M."]
[Black "Mestre Bellido, H."]
[Result "1/2-1/2"]
[WhiteElo "2420"]
[BlackElo "2380"]
[PlyCount "40"]
[EventDate "2012.??.??"]
[EventType "team"]
[EventRounds "11"]

1. e4 e5 2. Nf3 Nc6 3. Bb5 a6 4. Ba4 Nf6 5. d4 exd4 6. O-O Be7 7. Re1 b5 8. Bb3
d6 9. Bd5 Nxd5 10. exd5 Ne5 11. Nxd4 Bg4 12. Qd2 O-O 13. b3 Bf6 14. Nc3 Bd7 15.
Ne4 Be7 16. f4 Ng4 17. Bb2 Nf6 18. Ng3 Nxd5 19. Nh5 Bf6 20. c4 bxc4 1/2-1/2

[Event "Ct. Catalunya eq DH"]
[Site "?"]
[Date "2012.02.18"]
[Round "4.9"]
[White "Vives Jaume, O."]
[Black "Lopez Agustench, E."]
[Result "0-1"]
[WhiteElo "2155"]
[BlackElo "2341"]
[PlyCount "68"]
[EventDate "2012.??.??"]
[EventType "team"]
[EventRounds "11"]

1. d4 d5 2. c4 e6 3. Nc3 Be7 4. Bf4 Nf6 5. e3 O-O 6. Bd3 c5 7. dxc5 Bxc5 8. Nf3
Nc6 9. O-O a6 10. Rc1 Re8 11. Ne5 Bd6 12. Nxc6 bxc6 13. Bxd6 Qxd6 14. e4 d4 15.
c5 Qe7 16. Na4 e5 17. Nb6 Ra7 18. Qa4 Qc7 19. f4 exf4 20. Qxd4 Rd8 21. Qc3 Ng4
22. Bc4 f3 23. g3 Ne5 24. Rfd1 Re8 25. Rd6 Bg4 26. Kf2 h5 27. Rcd1 Qe7 28. Qd4
Kh7 29. Be6 Ng6 30. Bd7 Qxe4 31. Qxe4 Rxe4 32. R1d2 Ne5 33. Bxg4 hxg4 34. R6d4
f5 0-1

[Event "Ct. Catalunya eq DH"]
[Site "?"]
[Date "2012.02.18"]
[Round "4.10"]
[White "Flores de Paco, D."]
[Black "Luna Cortes, L."]
[Result "0-1"]
[WhiteElo "2168"]
[BlackElo "2255"]
[PlyCount "104"]
[EventDate "2012.??.??"]
[EventType "team"]
[EventRounds "11"]

1. d4 d5 2. Nf3 Bf5 3. c4 e6 4. Nc3 Bb4 5. g3 Nc6 6. Bg2 dxc4 7. Qa4 Be4 8. O-O
Bxc3 9. bxc3 Qd5 10. Bf4 Rc8 11. Rab1 Bxb1 12. Nd2 Qd7 13. Rxb1 Nge7 14. Rxb7
O-O 15. Ne4 Nd5 16. Nc5 Qe8 17. Bxc7 Nd8 18. Bxd8 Qxa4 19. Nxa4 Rfxd8 20. e4
Rc7 21. Rxc7 Nxc7 22. Bf1 Nb5 23. Bxc4 Nxc3 24. Nxc3 Rc8 25. Bb3 Rxc3 26. d5
exd5 27. Bxd5 Kf8 28. Kg2 Ke7 29. Kh3 a5 30. Kg4 a4 31. h4 Rc7 32. Kf4 Kd6 33.
g4 Kc5 34. Ke3 Re7 35. f4 Rd7 36. h5 h6 37. g5 f6 38. g6 Ra7 39. Bf7 Re7 40.
Kd3 Rd7+ 41. Ke3 Rd1 42. Ke2 Rh1 43. e5 f5 44. Ke3 Rxh5 45. Be6 a3 46. Kf3 Rh2
47. Kg3 Rd2 48. Kh4 Rg2 49. Kh3 Rg4 50. Bxf5 Rxf4 51. Bg4 Rf2 52. Be6 Re2 0-1

[Event "Ct. Catalunya eq DH"]
[Site "?"]
[Date "2012.02.18"]
[Round "4.10"]
[White "Forsberg Conde, M."]
[Black "Colls Gelaberto, E."]
[Result "0-1"]
[WhiteElo "2095"]
[BlackElo "2149"]
[PlyCount "74"]
[EventDate "2012.??.??"]
[EventType "team"]
[EventRounds "11"]

1. e4 c6 2. d4 d5 3. e5 Bf5 4. Nf3 e6 5. c3 Nd7 6. b4 Ne7 7. Be2 Bg6 8. Bg5 h6
9. Bf4 Nf5 10. h4 h5 11. g3 a5 12. b5 a4 13. Nbd2 Qa5 14. bxc6 bxc6 15. Qc1 Rb8
16. Rb1 Rxb1 17. Nxb1 Be7 18. Kf1 O-O 19. Ng5 Rb8 20. Nd2 c5 21. dxc5 Bxc5 22.
Qd1 Qxc3 23. Bxh5 Qd4 24. Rh2 Bxh5 25. Qxh5 Nh6 26. Qd1 Rb2 27. Ngf3 Qd3+ 28.
Kg2 Rxa2 29. Bxh6 gxh6 30. Rh1 Bb4 31. Qb1 Qxb1 32. Nxb1 a3 33. Rc1 Rb2 34.
Nxa3 Bxa3 35. Rc7 Nc5 36. Nd4 Ne4 37. Nc2 Bc5 0-1

[Event "Ct. Catalunya eq DH"]
[Site "?"]
[Date "2012.02.19"]
[Round "4.10"]
[White "Gensana Berzunces, J."]
[Black "Carrasco Rodriguez, J."]
[Result "1/2-1/2"]
[WhiteElo "2128"]
[BlackElo "2280"]
[PlyCount "112"]
[EventDate "2012.??.??"]
[EventType "team"]
[EventRounds "11"]

1. e4 c5 2. Nf3 d6 3. d4 cxd4 4. Nxd4 Nf6 5. Nc3 a6 6. Bg5 e6 7. g3 Be7 8. Qd2
Nbd7 9. Be2 Qc7 10. h4 b5 11. a3 Bb7 12. Bf3 Ne5 13. Qe2 Nxf3+ 14. Nxf3 h6 15.
Bd2 d5 16. exd5 Nxd5 17. Nxd5 Bxd5 18. O-O Qxc2 19. Nd4 Qh7 20. Rac1 O-O 21.
Rfe1 Bf6 22. Bc3 Bxh4 23. Qg4 Bf6 24. f4 h5 25. Qe2 Rac8 26. Kh2 h4 27. g4 h3
28. Qf1 Qh4 29. Qe2 Rfd8 30. Red1 Bxd4 31. Rxd4 Bb3 32. Qe5 f6 33. Rxd8+ Rxd8
34. Qe3 Bc4 35. Qg3 Qxg3+ 36. Kxg3 Rd3+ 37. Kh2 Rf3 38. g5 Kf7 39. gxf6 gxf6
40. Rd1 Bf1 41. Rd4 Rf2+ 42. Kh1 Be2 43. Kg1 h2+ 44. Kxf2 h1=Q 45. Kxe2 Kg6 46.
a4 Qg2+ 47. Kd3 Qg3+ 48. Kc2 Qg2+ 49. Kb3 Kf5 50. axb5 axb5 51. Rb4 Qf1 52. Rd4
e5 53. fxe5 fxe5 54. Rd6 e4 55. Rd4 Qf3 56. Kc2 e3 1/2-1/2

[Event "Ct. Catalunya eq DH"]
[Site "?"]
[Date "2012.02.18"]
[Round "4.10"]
[White "Montilla Carrillo, E."]
[Black "Borges Ayas, J."]
[Result "1-0"]
[WhiteElo "2300"]
[BlackElo "2136"]
[PlyCount "115"]
[EventDate "2012.??.??"]
[EventType "team"]
[EventRounds "11"]

1. e4 c5 2. Nc3 Nc6 3. f4 g6 4. Nf3 Bg7 5. Bc4 e6 6. d3 Nge7 7. O-O d5 8. Bb3
O-O 9. Qe1 Nd4 10. Nxd4 cxd4 11. Nd1 dxe4 12. dxe4 Bd7 13. Bd2 a5 14. a4 Qc7
15. Qh4 Bc6 16. Nf2 Qd8 17. f5 gxf5 18. Bg5 f6 19. Bxe6+ Kh8 20. Bh6 Ng6 21.
Qh5 fxe4 22. Bf5 Qe8 23. Rae1 e3 24. Bxg7+ Kxg7 25. Nd3 Be4 26. Nc5 Bxf5 27.
Qxf5 Rf7 28. Ne6+ Kg8 29. Nxd4 Qe5 30. Qxe5 Nxe5 31. Nf5 Rd7 32. Nxe3 Kg7 33.
Rd1 Rad8 34. Rxd7+ Rxd7 35. Rd1 Rxd1+ 36. Nxd1 Kf7 37. Kf2 Ke6 38. Ne3 f5 39.
Kg3 h6 40. b3 Kf6 41. Kh4 Kg6 42. h3 Nc6 43. Nc4 h5 44. Nd6 Nd8 45. Nc4 Nc6 46.
Kg3 Kg5 47. h4+ Kf6 48. Kf4 Nd4 49. Nxa5 Nxc2 50. Nxb7 Nb4 51. Nc5 Nd5+ 52. Kf3
Ke5 53. Nd3+ Kd4 54. Nf4 Nf6 55. a5 Kc5 56. Nd3+ Kd5 57. Kf4 Ke6 58. Nc5+ 1-0

[Event "Ct. Catalunya eq DH"]
[Site "?"]
[Date "2012.??.??"]
[Round "5.1"]
[White "Djuric, S."]
[Black "Oms Pallisse, J."]
[Result "1-0"]
[WhiteElo "2445"]
[BlackElo "2517"]
[PlyCount "27"]
[EventDate "2012.??.??"]
[EventType "team"]
[EventRounds "11"]

1. d4 Nf6 2. Nf3 e6 3. Bg5 h6 4. Bxf6 Qxf6 5. e4 d6 6. c3 Nd7 7. Nbd2 g6 8. Bd3
Bg7 9. Qe2 e5 10. Nc4 Qe7 11. dxe5 dxe5 12. b4 Nb6 13. Ne3 O-O 14. O-O {
ilegible ... jug. 67.} 1-0

[Event "Ct. Catalunya eq DH"]
[Site "?"]
[Date "2012.02.25"]
[Round "5.1"]
[White "Movsziszian, K."]
[Black "Peralta, F."]
[Result "0-1"]
[WhiteElo "2532"]
[BlackElo "2620"]
[PlyCount "73"]
[EventDate "2012.??.??"]
[EventType "team"]
[EventRounds "11"]

1. g3 d5 2. Nf3 Nf6 3. Bg2 Bf5 4. c4 e6 5. cxd5 exd5 6. Qb3 Na6 7. Nd4 Bc8 8.
d3 Bc5 9. O-O O-O 10. Nf3 Re8 11. d4 Bd6 12. Nc3 c6 13. Bg5 h6 14. Bxf6 Qxf6
15. Rfe1 Bf5 16. a3 Re7 17. Rad1 Rae8 18. Qa4 g5 19. b4 Nc7 20. Qb3 a6 21. Qb2
Nb5 22. Na4 g4 23. Nh4 Bh7 24. e3 Be4 25. Bf1 Bc7 26. Ng2 Nd6 27. Nc5 h5 28.
Nd3 Qh6 29. Ngf4 Kg7 30. h4 gxh3 31. Nxh3 Kh8 32. Ne5 Bb6 33. Bd3 Bxd3 34. Nxd3
Nc4 35. Qc1 h4 36. Kg2 hxg3 37. Rh1 0-1

[Event "Ct. Catalunya eq DH"]
[Site "?"]
[Date "2012.02.25"]
[Round "5.1"]
[White "Muñoz Pantoja, M."]
[Black "Bacallao Alonso, Y."]
[Result "0-1"]
[WhiteElo "2565"]
[BlackElo "2550"]
[PlyCount "98"]
[EventDate "2012.??.??"]
[EventType "team"]
[EventRounds "11"]

1. e4 c6 2. Nc3 d5 3. Nf3 Bg4 4. Be2 Nf6 5. e5 Nfd7 6. d4 e6 7. O-O Be7 8. Ne1
Bxe2 9. Qxe2 c5 10. dxc5 Nc6 11. Nf3 Nxc5 12. Be3 a6 13. Rad1 Qc7 14. Rfe1 O-O
15. Bxc5 Bxc5 16. Nb1 Qb6 17. c3 Rac8 18. Rf1 Rfd8 19. Ne1 Bf8 20. Nd3 Qb5 21.
b3 Qa5 22. f4 g6 23. g4 Re8 24. Kh1 b5 25. b4 Qb6 26. Nd2 Nb8 27. Rc1 Rc7 28.
Nb3 Rec8 29. Qd2 Rc4 30. Na5 R4c7 31. Nb3 Rc4 32. Na5 Qd8 33. Ne1 Re4 34. Nf3
Nc6 35. Nb3 Bh6 36. g5 Bf8 37. Ne1 a5 38. a3 a4 39. Na1 d4 40. Qg2 Re3 41. Rf3
Ne7 42. Rd1 Rexc3 43. Rxc3 Rxc3 44. Nac2 Nf5 45. Qe4 Qc8 46. Nxd4 Qc4 47. Nec2
Nxd4 48. Nxd4 Rxa3 49. Qc6 Rd3 0-1

[Event "Ct. Catalunya eq DH"]
[Site "?"]
[Date "2012.02.25"]
[Round "5.1"]
[White "Spraggett, K."]
[Black "Gonzalez Garcia, J."]
[Result "0-1"]
[WhiteElo "2550"]
[BlackElo "2583"]
[PlyCount "78"]
[EventDate "2012.??.??"]
[EventType "team"]
[EventRounds "11"]

1. e4 e6 2. d4 d5 3. e5 c5 4. Nf3 cxd4 5. Bd3 Nc6 6. O-O Nge7 7. Bf4 Ng6 8. Bg3
f5 9. exf6 gxf6 10. Nh4 f5 11. Qh5 Qf6 12. f4 Bd6 13. Nd2 O-O 14. Rae1 Bd7 15.
a3 a6 16. Kh1 Rac8 17. Nb3 Rc7 18. Nxg6 hxg6 19. Qf3 Bc8 20. Rd1 Rh7 21. Be2
Qh8 22. h3 g5 23. fxg5 Ne5 24. Qf2 f4 25. Bxf4 Ng6 26. Bxd6 Rxf2 27. Rxf2 e5
28. Rdf1 Nf4 29. Bxe5 Qxe5 30. Rxf4 Qxe2 31. Rf8+ Kg7 32. R1f7+ (32. Nxd4 {!}
Qe4 33. R1f7+ Kg6 34. Rf6+ {=} Kh5 {?} 35. Rf4) 32... Kg6 33. Rxh7 Kxh7 34.
Rxc8 d3 35. Rc7+ Kg6 36. Rxb7 dxc2 37. Rb6+ Kxg5 38. Rc6 Qe1+ 39. Kh2 Qe5+ 0-1

[Event "Ct. Catalunya eq DH"]
[Site "?"]
[Date "2012.02.25"]
[Round "5.2"]
[White "Cuartas Medina, JA."]
[Black "Pablo Mari, A."]
[Result "0-1"]
[WhiteElo "2553"]
[BlackElo "2446"]
[PlyCount "114"]
[EventDate "2012.??.??"]
[EventType "team"]
[EventRounds "11"]

1. e4 d6 2. d4 Nf6 3. Nc3 g6 4. Be2 Bg7 5. g4 c5 6. d5 a6 7. a4 e6 8. g5 Ng8 9.
h4 h5 10. a5 Ne7 11. Bc4 exd5 12. Nxd5 Nxd5 13. Bxd5 O-O 14. c3 Qe7 15. Ne2 Nc6
16. Nf4 Ne5 17. Be3 Bg4 18. Qb3 Rab8 19. Kd2 Kh7 20. Kc2 Qc7 21. Ra3 b5 22.
axb6 Rxb6 23. Qa2 Rfb8 24. Rxa6 Rxb2+ 25. Qxb2 Rxb2+ 26. Kxb2 Nf3 27. Rha1 Nd4
28. Kc1 Nb5 29. Rb1 Bc8 30. Ra8 Nxc3 31. Rbb8 Ba6 32. Ne6 fxe6 33. Bxe6 Be5 34.
Rd8 Bb7 35. Rab8 d5 36. Rxb7 Qxb7 37. Rd7+ Qxd7 38. Bxd7 d4 39. Bd2 Nxe4 40.
Be1 c4 41. Be6 c3 42. Bc4 Nd6 43. Bd3 Nf5 44. Bxf5 gxf5 45. Kc2 Bf4 46. Kd3 Kg6
47. f3 Kf7 48. Bf2 Be5 49. f4 Bg7 50. Be1 Ke6 51. Bf2 Kd5 52. g6 Ke6 53. Bg1
Bf6 54. Bf2 Ke7 55. Be1 Kf8 56. Bf2 Kg7 57. Bg1 Kxg6 0-1

[Event "Ct. Catalunya eq DH"]
[Site "?"]
[Date "2012.02.25"]
[Round "5.2"]
[White "Lopez Martinez, JM."]
[Black "Valdes, L."]
[Result "1-0"]
[WhiteElo "2508"]
[BlackElo "2393"]
[PlyCount "129"]
[EventDate "2012.??.??"]
[EventType "team"]
[EventRounds "11"]

1. d4 d6 2. Nf3 Nf6 3. c4 g6 4. Nc3 Bg7 5. e4 O-O 6. h3 e5 7. d5 Na6 8. Bg5 Qe8
9. g4 Nd7 10. Rg1 Kh8 11. Nd2 f5 12. Be2 Ndc5 13. Be3 Nb4 14. Qb1 Na4 15. Nb5
f4 16. Bxa7 Bd7 17. a3 Nxd5 18. exd5 Bxb5 19. cxb5 e4 20. Qxe4 Rxa7 21. Rc1 Qd8
22. b3 Nc5 23. Qc4 Rxa3 24. Kf1 f3 25. Nxf3 Rxb3 26. Rg3 Qe7 27. Kg2 Ra3 28.
Bd1 b6 29. h4 Kg8 30. Rc2 Ra1 31. Re2 Qf6 32. Bc2 Ra3 33. Ne1 Rxg3+ 34. Kxg3
Qf7 35. f4 Qf6 36. Nf3 Qa1 37. Re7 Qa5 38. Qe2 Qb4 39. Qe3 Qb2 40. Qe2 Qc1 41.
f5 gxf5 42. Bxf5 Qc3 43. Kg2 Qb4 44. Rxc7 Rxf5 45. gxf5 Qg4+ 46. Kf1 Qxf5 47.
Qg2 Nd7 48. Kg1 Kh8 49. Kh1 h6 50. Rc8+ Nf8 51. Rc7 Nd7 52. Qe2 Nf6 53. Rb7
Nxd5 54. Qg2 Qf6 55. h5 Nf4 56. Rb8+ Bf8 57. Qg4 Kh7 58. Nd4 Bg7 59. Qf5+ Qxf5
60. Nxf5 Nxh5 61. Rxb6 Be5 62. Nxd6 Ng3+ 63. Kg2 Ne2 64. Nc4 Bd4 65. Rc6 1-0

[Event "Ct. Catalunya eq DH"]
[Site "?"]
[Date "2012.??.??"]
[Round "5.2"]
[White "Narciso Dublan, M."]
[Black "Fluvia Poyatos, Joan"]
[Result "1/2-1/2"]
[WhiteElo "2562"]
[BlackElo "2543"]
[PlyCount "89"]
[EventDate "2012.??.??"]
[EventType "team"]
[EventRounds "11"]

1. e4 c5 2. Nf3 Nf6 3. e5 Nd5 4. g3 d6 5. Bg2 Nc6 6. exd6 Qxd6 7. O-O Bg4 8. h3
Bh5 9. Nc3 e6 10. Nxd5 Qxd5 11. d3 Be7 12. g4 Bg6 13. Bf4 Qd7 14. Ne5 Nxe5 15.
Bxe5 f6 16. Bg3 e5 17. f4 exf4 18. Bxf4 Rd8 19. Qf3 b6 20. Rae1 O-O 21. Qd5+
Qxd5 22. Bxd5+ Rxd5 23. Rxe7 Rf7 24. Re8+ Rf8 25. Re7 Rf7 26. Rfe1 Rd7 27. R7e6
Rf8 28. b3 Rfd8 29. a4 h5 30. gxh5 Bxh5 31. a5 bxa5 32. Ra1 a4 33. Rxa4 Rd4 34.
Rxd4 cxd4 35. Rc6 Re8 36. Bg3 Bd1 37. Bf2 Re2 38. Bxd4 Bxc2 39. b4 Bxd3 40.
Rc8+ Kh7 41. Rc7 Kh6 42. Rxa7 Bb5 43. Rb7 Bc6 44. Rc7 Bb5 45. Rb7 1/2-1/2